Летняя экскурсия на Кавказ | Краткий итог шести летних экскурсий [учеников Нижегородского коммерческого училища] (Запись № 6733359)
[ простой вид ]
| 000 -МАРКЕР | |
|---|---|
| контрольное поле | 00967nam0a22002651 4500 |
| 001 - ИДЕНТИФИКАТОР ЗАПИСИ | |
| контрольное поле | v19\rc\1966351 |
| 005 - ИДЕНТИФИКАТОР ВЕРСИИ | |
| контрольное поле | 20251118180916.1 |
| 035 ## - ДРУГИЕ СИСТЕМНЫЕ НОМЕРА | |
| Идентификатор записи | (NLR Aleph) 005035166 |
| 100 ## - ДАННЫЕ ОБЩЕЙ ОБРАБОТКИ | |
| Данные общей обработки | 20080428d1913 u y0rusy50 ca |
| 101 0# - ЯЗЫК РЕСУРСА | |
| Язык текста, звукозаписи и т.д. | русский |
| 102 ## - СТРАНА ПУБЛИКАЦИИ ИЛИ ПРОИЗВОДСТВА | |
| Страна публикации | российская федерация |
| 105 ## - ПОЛЕ КОДИРОВАННЫХ ДАННЫХ: ТЕКСТОВЫЕ МАТЕРИАЛЫ, МОНОГРАФИЧЕСКИЕ | |
| Кодированные данные о монографическом текстовом документе | y z ||||| |
| 200 1# - ЗАГЛАВИЕ И СВЕДЕНИЯ ОБ ОТВЕТСТВЕННОСТИ | |
| Основное заглавие | Летняя экскурсия на Кавказ |
| -- | Краткий итог шести летних экскурсий [учеников Нижегородского коммерческого училища] |
| Первые сведения об ответственности | А. Костромин |
| 210 ## - ПУБЛИКАЦИЯ, РАСПРОСТРАНЕНИЕ И ДР. | |
| Место издания, распространения и т.д. | [Нижний Новгород |
| Дата издания, распространения и т.д. | 1913] |
| 215 ## - ФИЗИЧЕСКАЯ ХАРАКТЕРИСТИКА | |
| Специфическое обозначение материала и объем | [5] с. |
| Размеры | 25 |
| 300 ## - ОБЩИЕ ПРИМЕЧАНИЯ | |
| Текст примечания | Авт. указан в конце текста |
| 700 #1 - ИМЯ ЛИЦА - ПЕРВИЧНАЯ ОТВЕТСТВЕННОСТЬ | |
| Начальный элемент ввода | Костромин |
| Часть имени, кроме начального элемента ввода | А.А. |
| Расширение инициалов личного имени | Александр Алексеевич |
| 801 #0 - ИСТОЧНИК ЗАПИСИ | |
| Страна | российская федерация |
| Организация | NLR |
| Правила каталогизации | psbo |
| 801 #0 - ИСТОЧНИК ЗАПИСИ | |
| Страна | российская федерация |
| Организация | RuMoRGB |
| Источник данных | psbo |
| 801 #1 - ИСТОЧНИК ЗАПИСИ | |
| Страна | российская федерация |
| Организация | ProSoft-M |
| Источник данных | rusmarc |
| 852 ## - МЕСТОНАХОЖДЕНИЕ И ШИФР ХРАНЕНИЯ | |
| Идентификатор организации | NLR |
| Шифр хранения (Call Number) | 37.53.6.501 |
| 899 ## - ДАННЫЕ О МЕСТОНАХОЖДЕНИИ (устаревшее) | |
| Местонахождение | RuMoRGB |
| Шифр хранения | V 16/1044 |
| 942 ## - ДОПОЛНИТЕЛЬНЫЕ ЭЛЕМЕНТЫ ЗАПИСИ (АБИС) | |
| Тип экземпляра АБИС | Книга |
| 980 ## - КОЛЛЕКЦИЯ | |
| Название коллекции | Национальная библиография |
| Тип экземпляра | Дата поступления | Библиотека постоянного хранения | Библиотека текущего хранения | Место хранения | Шифр хранения | Штрих-код | Статус не для выдачи |
|---|---|---|---|---|---|---|---|
| Книга | 26.10.2013 | РНБ (Садовая) | РНБ (Садовая) | Русский книжный фонд -Главное здание, Ленинский читальный зал | 37.53.6.501 | 5035166-10 |